ნორმალური ფორმატი
MARC ფორმატი
ჩანაწერი Personal Name
ჩანაწერთა რაოდენობა, რომელიც გამოყენებულია: 1
001 - CONTROL NUMBER
- control field: 9432
003 - CONTROL NUMBER IDENTIFIER
- control field: GE_BSU
005 - DATE AND TIME OF LATEST TRANSACTION
- control field: 20200908002432.0
008 - FIXED-LENGTH DATA ELEMENTS
- fixed length control field: 200908|| aca||aabn | a|a d
040 ## - CATALOGING SOURCE
- Original cataloging agency: GE_BSU
- Transcribing agency: GE_BSU
100 ## - HEADING--PERSONAL NAME
- Personal name: გიგინეიშვილი, ივ.
- Relator term: რედაქტორი
670 ## - SOURCE DATA FOUND
- Source citation: Work cat.: (GE_BSU)53281: კეკელიძე, პროკოლე 9431, ქართული ენისა და ლიტერატურის სწავლების საკითხები საშუალო სკოლაში ენის შესახებ ი.ბ.სტალინის მოძღვრების შუქზე /
